Statistics for Billboard Top 100 Hip Hop Songs (End of 2019)

Click here to take the quiz!

General Stats

  • This quiz has been taken 108 times
  • The average score is 28 of 100

Answer Stats

HintAnswerArtist% Correct
1Old Town RoadLil Nas X ft. Billy Ray Cyrus
99%
2SunflowerPost Malone ft. Swae Lee
83%
10Ran$omLil Tecca
73%
6Sicko ModeTravis Scott ft. Drake
71%
11SugeDaBaby
69%
44Lucid DreamsJuice Wrld
66%
100iLil Skies
65%
8MIDDLE CHILDJ. Cole
60%
20PaniniLil Nas X
53%
9Going BadMeek Mill ft. Drake
52%
26Mo BambaSheck Wes
52%
5Truth HurtsLizzo
52%
18MoneyCardi B
50%
4WowPost Malone
50%
14ZezeKodak Black ft. Travis Scott, Offset
50%
30Murder On My MindYNW Melly
49%
40Shotta FlowNLE Choppa
49%
21ThotianaBlueface
47%
22Pop OutPolo G ft. Lil TJay
45%
15Money In The GraveDrake ft. Rick Ross
44%
3TalkKhalid
44%
19A Lot21 Savage ft. J. Cole
43%
12BetterKhalid
43%
38BabyQuality Control ft. Lil Baby, DaBaby
42%
58Ballin'Mustard ft. Roddy Ricch
41%
16Drip Too HardLil Baby ft. Gunna
41%
52HotYoung Thug ft. Gunna
41%
82BanditJuice Wrld ft. YoungBoy Never Broke Again
40%
29The LondonYoung Thug ft. J. Cole, Travis Scott
40%
7No GuidanceChris Brown ft. Drake
38%
46EARFQUAKETyler, The Creator
37%
13GoodbyesPost Malone ft. Young Thug
37%
49Mixed PersonalitiesYNW Melly ft. Kanye West
37%
37SwervinA Boogie Wit da Hoodie ft. 6ix9ine
37%
31Leave Me AloneFlipp Dinero
35%
43RobberyJuice Wrld
35%
24Pure WaterMustard ft. Migos
34%
93CamelotNLE Choppa
31%
65HIGHEST IN THE ROOMTravis Scott
30%
62Lalalabbno$ ft. Y2K
30%
92RodeoLil Nas X ft. Cardi B
30%
74Baby SitterDaBaby ft. Offset
28%
34Better NowPost Malone
28%
36CloutOffset ft. Cardi B
28%
76BAD!XXXTENTACION
27%
85HomicideLogic ft. Eminem
27%
23Wake Up In The SkyGucci Mane ft. Bruno Mars, Kodak Black
27%
81223'sYNW Melly ft. 9lokknine
26%
17Please MeCardi B ft. Bruno Mars
26%
89F.NLil TJay
24%
33Worth ItYK Osiris
24%
91YouJaquees
24%
84EnemiesPost Malone ft. DaBaby
23%
51Sanguine ParadiseLil Uzi Vert
23%
25Look Back At ItA Boogie Wit da Hoodie
22%
72Arms Around YouXXXTENTACION ft. Swae Lee, Lil Pump, Maluma
21%
79Faucet FailureSki Mask The Slump God
21%
42Hot Girl SummerMegan Thee Stallion ft. Nicki Minaj, Ty Dolla $ign
20%
47Good As HellLizzo
19%
87No StylistFrench Montana ft. Drake
19%
96Hot Girl Bummerblackbear
17%
71Racks In The MiddleNipsey Hussle ft. Roddy Ricch, Hit-Boy
17%
28Act UpCity Girls
16%
41Cash ShitMegan Thee Stallion ft. DaBaby
16%
35Close FriendsLil Baby
16%
27Envy MeCalboy
16%
95TapNAV ft. Meek Mill
16%
54Armed And DangerousJuice Wrld
15%
32My TypeSaweetie
15%
57TwerkCity Girls ft. Cardi B
15%
83HeatChris Brown ft. Gunna
14%
48Girls Need LoveSummer Walker ft. Drake
13%
64TimeNF
13%
6624/7Meek Mill ft. Ella Mai
12%
90JuiceLizzo
12%
45Go LokoYG ft. Tyga, Jon Z
10%
98INTRODaBaby
10%
55PressCardi B
10%
61Pure CocaineLil Baby
10%
39TripElla Mai
10%
97Bad Bad BadYoung Thug ft. Lil Baby
9%
50On ChillWale ft. Jeremih
9%
53Put A Date On ItYo Gotti ft. Lil Baby
7%
63Wish WishDJ Khaled ft. Cardi B, 21 Savage
7%
78Talk To MeTory Lanez ft. Rich The Kid
6%
60UproarLil Wayne
6%
86DangerousMeek Mill ft. Jeremih, PnB Rock
5%
99Lost In The FireGesaffelstein ft. The Weeknd
5%
88RingCardi B ft. Kehlani
5%
68Just UsDJ Khaled ft. SZA
3%
75Playing GamesSummer Walker
3%
70Saturday NightsKhalid ft. Kane Brown
3%
59Backin' It UpPardison Fontaine ft. Cardi B
2%
56Calling My SpiritKodak Black
2%
80It's YouAli Gatie
2%
67Big Ole FreakMegan Thee Stallion
1%
94Nights Like ThisKehlani ft. Ty Dolla $ign
1%
73Shot ClockElla Mai
1%
69Before I Let GoBeyonce
0%
77UndecidedChris Brown
0%

Score Distribution

Percentile by Number Answered

Percent of People with Each Score

Your Score History

You have not taken this quiz